MLS Players - Sudden Death - Statistics

General Stats
  • This quiz has been taken 98 times
  • The average score is 3 of 16
Answers on the Grid
Answers color-coded by a green-red scale on the quiz's grid according to % correct below.
Jackson Irvine
Danny Musovski
Hannes Wolf
Maximiliano Falcón
Josh Acheampong
Sone Aluko
Renan Lodi
Rominigue Kouamé
Jhon Durán
Jack Hendry
CJ Fodrey
Adam Lundqvist
Finn Surman
Obafemi Fela Awodesu
Keegan Rosenberry
Dean Huijsen
Nico González
Luca de la Torre
Claudio Bravo
Eduardo Camavinga
Marc Casado
Deandre Kerr
Ibrahim Aliyu
Sebastian Kowalczyk
Dominik Marczuk
Matihas Thaler
Lukas Hradecky
Lois Openda
Jader Obrian
Dániel Sallói
 
Answer Stats
Answer % Correct
Hannes Wolf
54%
Danny Musovski
44%
Maximiliano Falcón
44%
Luca de la Torre
29%
Dániel Sallói
25%
Deandre Kerr
21%
Ibrahim Aliyu
17%
CJ Fodrey
15%
Claudio Bravo
15%
Jader Obrian
15%
Obafemi Fela Awodesu
15%
Rominigue Kouamé
15%
Dominik Marczuk
10%
Keegan Rosenberry
10%
Sebastian Kowalczyk
10%
Finn Surman
6%
No matching quizzes found
Score Distribution
Percent of People with Each Score
Percentile by Number Answered
Your Score History
You have not taken this quiz